dBase III: Tips and tricks (Record no. 39733)

MARC details
000 -LEADER
fixed length control field 00258nam a2200109Ia 4500
082 ## - DEWEY DECIMAL CLASSIFICATION NUMBER
Classification number 681.14DBA
Item number JEN
100 ## - MAIN ENTRY--AUTHOR NAME
Personal name Jenkins, David
245 #0 - TITLE STATEMENT
Title dBase III: Tips and tricks
490 ## - SERIES STATEMENT
Series statement dBase III
942 ## - ADDED ENTRY ELEMENTS (KOHA)
Koha item type Books
Holdings
Withdrawn status Lost status Damaged status Not for loan Home library Current library Date acquired Full call number Accession Number Koha item type
        RRII Library RRII Library 16/12/2021 681.14DBA JEN 20055 Books